Statistics for Most Watched TV Series Per Year, 1970's

Click here to take the quiz!

General Stats

  • This quiz has been taken 62 times
  • The average score is 6 of 10

Answer Stats

SeasonProgramNetworkRating% Correct
1971-1972All in the FamilyCBS34.0
82%
1972-1973All in the FamilyCBS33.3
82%
1973-1974All in the FamilyCBS31.2
82%
1974-1975All in the FamilyCBS30.2
82%
1975-1976All in the FamilyCBS30.1
82%
1976-1977Happy DaysABC31.5
78%
1977-1978Laverne & ShirleyABC31.6
49%
1978-1979Laverne & ShirleyABC30.5
49%
1969–1970Rowan & Martin's Laugh-InNBC26.3
13%
1970–1971Marcus Welby, M.D.ABC29.6
9%

Score Distribution

Percentile by Number Answered

Percent of People with Each Score

Your Score History

You have not taken this quiz